Catálogo - Centro de Recursos para el Aprendizaje y la Investigación

Volver al Sitio - CRAI Biblioteca

La Corte de Managua : (Registro nro. 113595)

Detalles MARC
000 -CABECERA
campo de control de longitud fija 01353nam a2200265 4500
001 - NÚMERO DE CONTROL
campo de control 113595
003 - IDENTIFICADOR DEL NÚMERO DE CONTROL
campo de control DR-UNIBE
005 - FECHA Y HORA DE LA ÚLTIMA TRANSACCIÓN
campo de control 20260511101342.0
008 - DATOS DE LONGITUD FIJA--INFORMACIÓN GENERAL
campo de control de longitud fija 250512b1997 nq ||||| |||| 00| 0 spa d
040 ## - FUENTE DE LA CATALOGACIÓN
Centro catalogador/agencia de origen BIBLIOTECA UNIBE
Centro/agencia transcriptor BIBLIOTECA UNIBE
Lengua de catalogación spa
Normas de descripción rda
041 ## - CÓDIGO DE LENGUA
Código de lengua del texto/banda sonora o título independiente spa
082 ## - NÚMERO DE LA CLASIFICACIÓN DECIMAL DEWEY
Número de edición 22
Número de clasificación 345.11 N583c
110 10 - ENTRADA PRINCIPAL--NOMBRE DE ENTIDAD CORPORATIVA
Nombre de entidad corporativa o nombre de jurisdicción como elemento de entrada Nicaragua. Corte Centroamericana de Justicia
9 (RLIN) 195211
Término indicativo de función/relación autor
245 13 - MENCIÓN DE TÍTULO
Título La Corte de Managua :
Resto del título defensa de su institucionalidad /
250 ## - MENCIÓN DE EDICIÓN
Mención de edición Primera edición
260 ## - PUBLICACIÓN, DISTRIBUCIÓN, ETC.
Lugar de publicación, distribución, etc. Managua :
Nombre del editor, distribuidor, etc. Corte Centroamericana de Justicia,
Fecha de publicación, distribución, etc. 1997
300 ## - DESCRIPCIÓN FÍSICA
Extensión 469 páginas :
Dimensiones 21 x 15 cm
500 ## - NOTA GENERAL
Nota general Incluye Adenda de mayo 2000 : sentencias pronunciadas por la Corte, después de la preparación y publicación de la obra
505 ## - NOTA DE CONTENIDO CON FORMATO
Nota de contenido con formato Capítulo I: Institucionalidad del centroamericanismo |<br/>Capítulo II: El ordenamiento jurídico |<br/>Capítulo III: Historia del Tribunal Centroamericano |<br/>Capítulo IV: El Tribunal de Managua |<br/>Capítulo V: Evaluación del SICA |<br/>Capítulo VI: Deformación publicitaria |<br/>Capítulo VII: Publicaciones |<br/>Capítulo VIII: Conclusiones |<br/>Anexos
650 #7 - PUNTO DE ACCESO ADICIONAL DE MATERIA--TÉRMINO DE MATERIA
Fuente del encabezamiento o término lemb
Término de materia o nombre geográfico como elemento de entrada Tribunal de Managua
9 (RLIN) 204735
650 #7 - PUNTO DE ACCESO ADICIONAL DE MATERIA--TÉRMINO DE MATERIA
Fuente del encabezamiento o término lemb
Término de materia o nombre geográfico como elemento de entrada Ordemamiento jurídico
Subdivisión geográfica América Central
9 (RLIN) 204736
651 ## - PUNTO DE ACCESO ADICIONAL DE MATERIA--NOMBRE GEOGRÁFICO
Nombre geográfico America Central
Subdivisión general Integración
9 (RLIN) 195214
776 18 - ENTRADA/ENLACE A UN FORMATO FÍSICO ADICIONAL
Título Adenda al libro : La Corte de Managua
Número de control del registro 114610
942 ## - ELEMENTOS DE PUNTO DE ACCESO ADICIONAL (KOHA)
Fuente del sistema de clasificación o colocación Sistema de Clasificación Decimal Dewey
Tipo de ítem Koha Libro (general)
Existencias
Estado de retiro Estado de pérdida Fuente del sistema de clasificación o colocación No para préstamo Localización permanente Fecha de adquisición Total de préstamos Signatura topográfica completa Código de barras Fecha visto por última vez Número de copia Precio válido a partir de Tipo de ítem Koha
  Disponible Sistema de Clasificación Decimal Dewey   Biblioteca Central UNIBE 08/04/2025   345.11 N583c 250382 12/05/2025 Ej. 1 12/05/2025 Libro (general)